000 00300nam a22001337a 4500
008 170824b xxu||||| |||| 00| 0 eng d
020 _a9780131752061
041 _aeng
080 _24 ED
_a51
100 _a38
101 _aMAT
245 _aTHINKING MATHEMATICALLY
_cBLITZER.R
942 _2udc
_cBK
999 _c24734
_d24734